000 01309 a2200265 4500
001 44312
005 20260407155721.0
008 260407a1997 arg spa d
003 AR-UNSa-BCEJYS
040 _aAR-UNSa-BCEJYS
_bspa
_cAR-UNSa-BCEJYS
080 _a330
_xEconomía en general
245 1 0 _aPrincipios de Economía
020 _a987-9094-34-4
264 1 _aCórdoba :
_bEdiciones Eudecor
_c1997
300 _a463 p.
_c26 cm.
505 _a1. La economía como conocimiento científico - 2. Presentación histórica del pensamiento y análisis económico - 3. Escasez y restricción tecnológica en la producción. Modelo de dos sectores - 4. Decisiones de gasto de las familias La demanda de bienes de consumo - 5. Las decisiones de producción Oferta de bienes de los productores - 6. El mercado - 7. La medición de la actividad económica - 8. El uso de índices de precios - 9. El equilibrio en el mercado del producto - 10. El sector monetario - 11. Ampliaciones del modelo básico - 12. El sector externo.-
041 _aspa
942 _cBK
590 _aniveau_biblio:m niveau_hierar:0
100 1 _aRecalde de Bernardi, María L.
700 1 _aDiaz Cafferata, Alberto M.
700 1 _aFigueras, Alberto José
700 1 _aFrediani, Ramón O.
700 1 _aSwoboda, Carlos Juan
999 _c3784
_d3784